<?xml version="1.0" encoding="UTF-8"?>
<record
    xmlns:xsi="http://www.w3.org/2001/XMLSchema-instance"
    xsi:schemaLocation="http://www.loc.gov/MARC21/slim http://www.loc.gov/standards/marcxml/schema/MARC21slim.xsd"
    xmlns="http://www.loc.gov/MARC21/slim">

  <leader>02052nam a22003137a 4500</leader>
  <controlfield tag="005">20111101105719.0</controlfield>
  <datafield tag="010" ind1=" " ind2=" ">
    <subfield code="a">ENG-104005  B-457230-234</subfield>
  </datafield>
  <datafield tag="020" ind1=" " ind2=" ">
    <subfield code="a">9788120344105</subfield>
    <subfield code="c">695.00</subfield>
  </datafield>
  <datafield tag="035" ind1=" " ind2=" ">
    <subfield code="a">EN-87538  B-457230-234</subfield>
  </datafield>
  <datafield tag="037" ind1=" " ind2=" ">
    <subfield code="b">DBAD/PUB</subfield>
  </datafield>
  <datafield tag="037" ind1=" " ind2=" ">
    <subfield code="b">K.K.Pub/Ven</subfield>
  </datafield>
  <datafield tag="082" ind1="0" ind2="0">
    <subfield code="a">304.2</subfield>
    <subfield code="2">22</subfield>
  </datafield>
  <datafield tag="100" ind1="1" ind2=" ">
    <subfield code="a">Rubenstein, James M.</subfield>
    <subfield code="9">48370</subfield>
  </datafield>
  <datafield tag="245" ind1="1" ind2="0">
    <subfield code="a">Contemporary human geography /</subfield>
    <subfield code="c">by James M. Rubenstein</subfield>
  </datafield>
  <datafield tag="260" ind1=" " ind2=" ">
    <subfield code="a">New Delhi</subfield>
    <subfield code="b">PHI Learning</subfield>
    <subfield code="c">2012</subfield>
  </datafield>
  <datafield tag="270" ind1=" " ind2=" ">
    <subfield code="a">M-97, Connaught Circus</subfield>
    <subfield code="b">New Delhi</subfield>
    <subfield code="e">110001</subfield>
  </datafield>
  <datafield tag="300" ind1=" " ind2=" ">
    <subfield code="a">xx, 363 p. :</subfield>
    <subfield code="b">col. ill. </subfield>
    <subfield code="c">28cm (pbk)</subfield>
  </datafield>
  <datafield tag="500" ind1=" " ind2=" ">
    <subfield code="a">Includes bibliographical references and index.</subfield>
  </datafield>
  <datafield tag="650" ind1=" " ind2="0">
    <subfield code="a">Human geography.</subfield>
    <subfield code="9">48371</subfield>
  </datafield>
  <datafield tag="942" ind1=" " ind2=" ">
    <subfield code="2">ddc</subfield>
    <subfield code="c">EN</subfield>
    <subfield code="h">304.2</subfield>
    <subfield code="m">RUB</subfield>
  </datafield>
  <datafield tag="999" ind1=" " ind2=" ">
    <subfield code="c">57941</subfield>
    <subfield code="d">57941</subfield>
  </datafield>
  <datafield tag="952" ind1=" " ind2=" ">
    <subfield code="0">0</subfield>
    <subfield code="1">0</subfield>
    <subfield code="2">ddc</subfield>
    <subfield code="4">0</subfield>
    <subfield code="7">1</subfield>
    <subfield code="8">NFIC</subfield>
    <subfield code="a">DBAD</subfield>
    <subfield code="b">DBAD</subfield>
    <subfield code="d">2011-11-01</subfield>
    <subfield code="e">DBAD/PUB</subfield>
    <subfield code="g">695.00</subfield>
    <subfield code="l">0</subfield>
    <subfield code="o">304.2 RUB</subfield>
    <subfield code="p">EN-87538</subfield>
    <subfield code="r">2011-11-01 00:00:00</subfield>
    <subfield code="t">1</subfield>
    <subfield code="v">695.00</subfield>
    <subfield code="w">2011-11-01</subfield>
    <subfield code="y">EN</subfield>
  </datafield>
  <datafield tag="952" ind1=" " ind2=" ">
    <subfield code="0">0</subfield>
    <subfield code="1">0</subfield>
    <subfield code="4">0</subfield>
    <subfield code="7">0</subfield>
    <subfield code="8">NFIC</subfield>
    <subfield code="a">L</subfield>
    <subfield code="b">L</subfield>
    <subfield code="d">2012-06-04</subfield>
    <subfield code="e">K.K.Pub/1653/24.01.2012/25/16.01.2012/06.02.2012</subfield>
    <subfield code="g">695.00</subfield>
    <subfield code="l">1</subfield>
    <subfield code="m">2</subfield>
    <subfield code="o">304.2 RUB</subfield>
    <subfield code="p">B-457230</subfield>
    <subfield code="r">2025-08-20 00:00:00</subfield>
    <subfield code="s">2025-07-12</subfield>
    <subfield code="t">1</subfield>
    <subfield code="v">695.00</subfield>
    <subfield code="w">2012-06-04</subfield>
    <subfield code="y">EN</subfield>
  </datafield>
  <datafield tag="952" ind1=" " ind2=" ">
    <subfield code="0">0</subfield>
    <subfield code="1">0</subfield>
    <subfield code="4">0</subfield>
    <subfield code="7">0</subfield>
    <subfield code="8">NFIC</subfield>
    <subfield code="a">BL1</subfield>
    <subfield code="b">BL1</subfield>
    <subfield code="d">2012-06-04</subfield>
    <subfield code="e">K.K.Pub/1653/24.01.2012/25/16.01.2012/06.02.2012</subfield>
    <subfield code="g">695.00</subfield>
    <subfield code="l">4</subfield>
    <subfield code="m">2</subfield>
    <subfield code="o">304.2 RUB</subfield>
    <subfield code="p">B-457231</subfield>
    <subfield code="r">2019-05-03 00:00:00</subfield>
    <subfield code="s">2019-04-13</subfield>
    <subfield code="t">1</subfield>
    <subfield code="v">695.00</subfield>
    <subfield code="w">2012-06-04</subfield>
    <subfield code="y">EN</subfield>
  </datafield>
  <datafield tag="952" ind1=" " ind2=" ">
    <subfield code="0">0</subfield>
    <subfield code="1">0</subfield>
    <subfield code="4">0</subfield>
    <subfield code="7">0</subfield>
    <subfield code="8">NFIC</subfield>
    <subfield code="a">ZLS</subfield>
    <subfield code="b">ZLS</subfield>
    <subfield code="d">2012-06-04</subfield>
    <subfield code="e">K.K.Pub/1653/24.01.2012/25/16.01.2012/06.02.2012</subfield>
    <subfield code="g">695.00</subfield>
    <subfield code="l">4</subfield>
    <subfield code="m">1</subfield>
    <subfield code="o">304.2 RUB</subfield>
    <subfield code="p">B-457232</subfield>
    <subfield code="r">2023-12-29 00:00:00</subfield>
    <subfield code="s">2023-12-13</subfield>
    <subfield code="t">1</subfield>
    <subfield code="v">695.00</subfield>
    <subfield code="w">2012-06-04</subfield>
    <subfield code="y">EN</subfield>
  </datafield>
  <datafield tag="952" ind1=" " ind2=" ">
    <subfield code="0">0</subfield>
    <subfield code="1">5</subfield>
    <subfield code="4">0</subfield>
    <subfield code="7">0</subfield>
    <subfield code="8">NFIC</subfield>
    <subfield code="a">BL3</subfield>
    <subfield code="b">BL3</subfield>
    <subfield code="d">2012-06-04</subfield>
    <subfield code="e">K.K.Pub/1653/24.01.2012/25/16.01.2012/06.02.2012</subfield>
    <subfield code="g">695.00</subfield>
    <subfield code="l">0</subfield>
    <subfield code="o">304.2 RUB</subfield>
    <subfield code="p">B-457233</subfield>
    <subfield code="r">2012-06-04 00:00:00</subfield>
    <subfield code="t">1</subfield>
    <subfield code="v">695.00</subfield>
    <subfield code="y">EN</subfield>
  </datafield>
  <datafield tag="952" ind1=" " ind2=" ">
    <subfield code="0">0</subfield>
    <subfield code="1">0</subfield>
    <subfield code="4">0</subfield>
    <subfield code="7">0</subfield>
    <subfield code="8">NFIC</subfield>
    <subfield code="a">BL4</subfield>
    <subfield code="b">BL4</subfield>
    <subfield code="d">2012-06-04</subfield>
    <subfield code="e">K.K.Pub/1653/24.01.2012/25/16.01.2012/06.02.2012</subfield>
    <subfield code="g">695.00</subfield>
    <subfield code="l">1</subfield>
    <subfield code="o">304.2 RUB</subfield>
    <subfield code="p">B-457234</subfield>
    <subfield code="r">2018-07-09 00:00:00</subfield>
    <subfield code="s">2018-06-28</subfield>
    <subfield code="t">1</subfield>
    <subfield code="v">695.00</subfield>
    <subfield code="w">2012-06-04</subfield>
    <subfield code="y">EN</subfield>
  </datafield>
</record>
